| 000 | 00687cam a22002413a 4500 | ||
|---|---|---|---|
| 001 | 1218 | ||
| 003 | PGUSA | ||
| 005 | 20140828082958.0 | ||
| 008 | 060503s2006||||xxu|||||s|||||000 1 eng d | ||
| 040 |
_aPGUSA _beng |
||
| 042 | _adc | ||
| 050 | 4 | _aPS | |
| 100 | 1 |
_aPackard, Frank L. _q(Frank Lucius), _d1877-1942 |
|
| 245 | 1 | 4 |
_aThe Adventures of Jimmie Dale _h[electronic resource] / _cFrank L. Packard |
| 260 |
_bProject Gutenberg, _c2006 |
||
| 506 | _aPublic domain in the USA. | ||
| 516 | _aElectronic text | ||
| 653 | _aDetective and mystery stories | ||
| 653 | _aFiction | ||
| 830 | 0 |
_aProject Gutenberg _v1218 |
|
| 856 | 4 | 0 | _uhttp://www.gutenberg.org/ebooks/1218 |
| 942 | _cEB | ||
| 999 |
_c230566 _d230566 |
||